Weiter zum Inhalt
Ayesha Abed Library
Sprache
English
Deutsch
Español
Français
Italiano
日本語
Nederlands
Português
Português (Brasil)
中文(简体)
中文(繁體)
Türkçe
עברית
Gaeilge
Cymraeg
Ελληνικά
Català
Euskara
Русский
Čeština
Suomi
Svenska
polski
Dansk
slovenščina
اللغة العربية
বাংলা
Galego
Tiếng Việt
Hrvatski
हिंदी
Հայերէն
Українська
Alle Felder
Titel
Verfasser
Schlagwort
Signatur
ISBN/ISSN
Tag
Suchen
Erweitert
A Companion to the Anthropolog...
Zitieren
Als E-Mail versenden
Drucken
Datensatz exportieren
Exportieren nach RefWorks
Exportieren nach EndNoteWeb
Exportieren nach EndNote
Exportieren nach MARC
Exportieren nach MARCXML
Exportieren nach BibTeX
Persistenter Link
A Companion to the Anthropology of Death
Bibliographische Detailangaben
1. Verfasser:
Antonius C. G. M. Robben
Format:
Unbekannt
Exemplare
Beschreibung
Ähnliche Einträge
Internformat
LEADER
00209 a2200085 4500
020
|a
9781119222293
100
|a
Antonius C. G. M. Robben
|9
59380
245
|a
A Companion to the Anthropology of Death
942
|c
BK
999
|c
47591
|d
47591
Ähnliche Einträge
Death of a Discipline? Reflections on the History, State, and Future of Social Anthropology in Zimbabwe
von: Nhemachena
The Death of the American Death Penalty
von: Koch
Death of a Ventriloquist
von: Fay-LeBlanc
The Death of a Prophet
von: Shoemaker
Death of a salesman /
von: Miller, Arthur